| 000 | 00581nam a22002177a 4500 | ||
|---|---|---|---|
| 001 | 00028378 | ||
| 005 | 20260228104720.0 | ||
| 008 | 260228b ag ||||| |||| 00| 0 spa d | ||
| 020 | _a9788498381849 | ||
| 040 |
_aAR-CcCEOS _bspa _cAR-CcCEOS |
||
| 041 | _aspa | ||
| 080 | _a820-3(537) | ||
| 090 | _bABD | ||
| 100 | 1 |
_aAbdolah, Kader, _d1954- _9685 |
|
| 245 |
_aLa casa de la mezquita / _cKader Abdolah |
||
| 250 | _a1a ed. | ||
| 260 |
_aBarcelona : _bSalamandra, _c2005. |
||
| 300 |
_a381 p. ; _c25x14 cm. |
||
| 655 | 0 |
_aliteratura iranĂ _9686 _vnovela |
|
| 942 |
_2udc _cBK _n0 |
||
| 999 |
_c28403 _d28403 |
||